Quick Pick: Arby's Menu Quiz Stats

 Plays Quiz Updated May 14, 2018

Challenge
Share
Tweet
Embed
Score 0/10 Timer 01:00
0 Plays Today
% Correct
Curly Fries
84%
Roast Turkey & Swiss Wrap
79.1%
Reuben Sandwich
77.5%
Fire-Roasted Philly
75.1%
Apple Turnover
66.5%
Jamocha Shake
65%
Mozzarella Sticks
63.6%
Jr. Bacon Cheddar Melt
60.9%
Chicken 'N Cheese Slider
54.7%
Chopped Side Salad
53.8%

Today's Daily Dose

Word Ladder
Bruno Mars Song

Get the Picture
Japanese Cars

You're not logged in!

Compare scores with friends on all Sporcle quizzes.
OR
Log In

You Might Also Like...

Show Comments

Extras

Top Quizzes Today


Score Distribution

Your Account Isn't Verified!

In order to create a playlist on Sporcle, you need to verify the email address you used during registration. Go to your Sporcle Settings to finish the process.

Report this User

Report this user for behavior that violates our Community Guidelines.

Details: